000 00562nam a2200205Ia 4500
005 20250326144201.0
008 250326s9999 xx 000 0 und d
020 _a0-19-568376-5
037 _aTextbook
040 _aFMSL
_beng
_cFMSL
041 _aeng
_2eng
084 _aV28 P5
_qFMSL
100 _aMaheshwari S.r
245 0 _aPublic administration in India :Higher civil service
_cMaheshwari S.r
260 _aNY
_bNY, Oxford University
_c2006
300 _aviii,287
365 _b250
942 _cTB
_hV28 P5
999 _c1302705
_d1302705